[Event "AUT-ch Internet"]
[Site "Wilhelm-Steinitz-Stadion"]
[Date "2020.10.04"]
[Round "11"]
[White "Valentin Dragnev"]
[Black "En#passant"]
[Result "1-0"]
[WhiteElo "2265"]
[BlackElo "2233"]
[PlyCount "73"]
[EventDate "2020.10.04"]
[EventType "blitz"]

1. e4 {[%emt 0:00:01]} g6 {[%emt 0:00:01]} 2. d4 {[%emt 0:00:02]} Bg7 {[%emt 0:00:01]} 3. Nf3 {[%emt 0:00:04]} a5 {[%emt 0:00:01]} 4. Bd3 {[%emt 0:00:05]} a4 {[%emt 0:00:01]} 5. O-O {[%emt 0:00:01]} c5 {[%emt 0:00:02]} 6. c3 {[%emt 0:00:06]} d5 {[%emt 0:00:09]} 7. e5 {[%emt 0:00:12]} Nc6 {[%emt 0:00:09]} 8. Be3 {[%emt 0:00:11]} c4 {[%emt 0:00:05]} 9. Bc2 {[%emt 0:00:01]} b5 {[%emt 0:00:02]} 10. Nbd2 {[%emt 0:00:05]} Bg4 {[%emt 0:00:18]} 11. h3 {[%emt 0:00:03]} Bxf3 {[%emt 0:00:02]} 12. Qxf3 {[%emt 0:00:04]} e6 {[%emt 0:00:02]} 13. a3 {[%emt 0:00:08]} h5 {[%emt 0:00:04]} 14. Rae1 {[%emt 0:00:04]} Qe7 {[%emt 0:00:08]} 15. Qe2 {[%emt 0:00:14]} O-O-O {[%emt 0:00:14]} 16. Nf3 {[%emt 0:00:01]} Bh6 {[%emt 0:00:03]} 17. Qd2 {[%emt 0:00:06]} Bxe3 {[%emt 0:00:09]} 18. fxe3 {[%emt 0:00:00]} g5 {[%emt 0:00:12]} 19. e4 {[%emt 0:00:07]} g4 {[%emt 0:00:05]} 20. Ng5 {[%emt 0:00:01]} Nh6 {[%emt 0:00:28]} 21. exd5 {[%emt 0:00:01]} exd5 {[%emt 0:00:06]} 22. Rf6 {[%emt 0:00:02]} Kb7 {[%emt 0:00:07]} 23. h4 {[%emt 0:00:03]} Rdf8 {[%emt 0:00:21]} 24. Ref1 {[%emt 0:00:20]} Nd8 {[%emt 0:00:03]} 25. Rd6 {[%emt 0:00:08]} f5 {[%emt 0:00:06]} 26. Rxd5 {[%emt 0:00:09]} g3 {[%emt 0:00:07]} 27. Rxb5+ {[%emt 0:00:03]} Ka6 {[%emt 0:00:03]} 28. Rb4 {[%emt 0:00:07]} Ng4 {[%emt 0:00:03]} 29. Rxa4+ {[%emt 0:00:02]} Kb6 {[%emt 0:00:03]} 30. Rb4+ {[%emt 0:00:01]} Kc7 {[%emt 0:00:05]} 31. Rxc4+ {[%emt 0:00:01]} Kb6 {[%emt 0:00:01]} 32. Rb4+ {[%emt 0:00:01]} Kc7 {[%emt 0:00:01]} 33. Qd3 {[%emt 0:00:14]} Nc6 {[%emt 0:00:02]} 34. Rc4 {[%emt 0:00:05]} Kb7 {[%emt 0:00:06]} 35. Qf3 {[%emt 0:00:08]} Rc8 {[%emt 0:00:07]} 36. Ba4 {[%emt 0:00:01]} Qe8 {[%emt 0:00:11]} 37. Qxg3 {[%emt 0:00:09] En#passant gibt auf (Lag: Av=0.64s, max=1.0s)} 1-0

[Event "AUT-ch Internet"]
[Site "Wilhelm-Steinitz-Stadion"]
[Date "2020.10.04"]
[Round "11"]
[White "Konstantin Peyrer"]
[Black "Lukas Breneis"]
[Result "1-0"]
[WhiteElo "2254"]
[BlackElo "2148"]
[PlyCount "85"]
[EventDate "2020.10.04"]
[EventType "blitz"]

{Peyrer, Konstantin} 1. Nf3 {[%emt 0:00:04]} d5 {[%emt 0:00:02]} 2. g3 {[%emt 0:00:02]} Bg4 {[%emt 0:00:02]} 3. Bg2 {[%emt 0:00:01]} Nd7 {[%emt 0:00:01]} 4. O-O {[%emt 0:00:01]} e6 {[%emt 0:00:01]} 5. d3 {[%emt 0:00:00]} Ngf6 {[%emt 0:00:07]} 6. c4 {[%emt 0:00:01]} Bd6 {[%emt 0:00:08]} 7. Nc3 {[%emt 0:00:03]} h5 {[%emt 0:00:39]} 8. cxd5 {[%emt 0:00:06]} exd5 {[%emt 0:00:02]} 9. Nb5 {[%emt 0:00:01]} Nc5 {[%emt 0:00:49]} 10. Nxd6+ {[%emt 0:00:04]} Qxd6 {[%emt 0:00:00]} 11. Bf4 {[%emt 0:00:01]} Qb6 {[%emt 0:00:07]} 12. Rc1 {[%emt 0:00:05]} Ne6 {[%emt 0:00:03]} 13. Be3 {[%emt 0:00:03]} Qxb2 {[%emt 0:00:34]} 14. Rb1 {[%emt 0:00:09]} Qxa2 {[%emt 0:00:01]} 15. Rxb7 {[%emt 0:00:04]} O-O {[%emt 0:00:03]} 16. h3 {[%emt 0:00:01]} Bxf3 {[%emt 0:00:05]} 17. Bxf3 {[%emt 0:00:00]} Rfb8 {[%emt 0:00:09]} 18. Rxb8+ {[%emt 0:00:07]} Rxb8 {[%emt 0:00:01]} 19. Qc1 {[%emt 0:00:01]} a5 {[%emt 0:00:17]} 20. Qc6 {[%emt 0:00:12]} a4 {[%emt 0:00:07]} 21. g4 {[%emt 0:00:07]} hxg4 {[%emt 0:00:03]} 22. hxg4 {[%emt 0:00:00]} d4 {[%emt 0:00:08]} 23. Bc1 {[%emt 0:00:11]} a3 {[%emt 0:00:05]} 24. g5 {[%emt 0:00:02]} Ne8 {[%emt 0:00:01]} 25. g6 {[%emt 0:00:04]} Nf6 {[%emt 0:00:04]} 26. gxf7+ {[%emt 0:00:08]} Kxf7 {[%emt 0:00:00]} 27. Qa6 {[%emt 0:00:01]} Rb1 {[%emt 0:00:06]} 28. Qxa3 {[%emt 0:00:13]} Qc2 {[%emt 0:00:02]} 29. Kg2 {[%emt 0:00:10]} g5 {[%emt 0:00:02]} 30. Re1 {[%emt 0:00:24]} g4 {[%emt 0:00:01]} 31. Ba8 {[%emt 0:00:00]} Nd7 {[%emt 0:00:06]} 32. Bd5 {[%emt 0:00:02]} Nf6 {[%emt 0:00:03]} 33. Bc4 {[%emt 0:00:03]} Qc3 {[%emt 0:00:03]} 34. Qa6 {[%emt 0:00:01]} Rb6 {[%emt 0:00:02]} 35. Qc8 {[%emt 0:00:01]} Ne8 {[%emt 0:00:01]} 36. Qd7+ {[%emt 0:00:02]} Kf6 {[%emt 0:00:01]} 37. Rh1 {[%emt 0:00:02]} N8g7 {[%emt 0:00:01]} 38. Bh6 {[%emt 0:00:04]} Qb4 {[%emt 0:00:02]} 39. Bxg7+ {[%emt 0:00:01]} Nxg7 {[%emt 0:00:03]} 40. Rh6+ {[%emt 0:00:01]} Kg5 {[%emt 0:00:03]} 41. Qxg7+ {[%emt 0:00:01]} Kf4 {[%emt 0:00:00]} 42. Rf6+ {[%emt 0:00:02]} Ke5 {[%emt 0:00:02]} 43. Rxb6+ {[%emt 0:00:01] Lukas Breneis gibt auf (Lag: Av=1.03s, max=1.7s)} 1-0

[Event "AUT-ch Internet"]
[Site "Wilhelm-Steinitz-Stadion"]
[Date "2020.10.04"]
[Round "11"]
[White "S Baumegger"]
[Black "Sackbauer"]
[Result "1/2-1/2"]
[WhiteElo "2218"]
[BlackElo "2394"]
[PlyCount "140"]
[EventDate "2020.10.04"]
[EventType "blitz"]

1. c4 {[%emt 0:00:03]} e5 {[%emt 0:00:05]} 2. Nc3 {[%emt 0:00:03]} Nc6 {[%emt 0:00:05]} 3. Nf3 {[%emt 0:00:02]} Nf6 {[%emt 0:00:04]} 4. g3 {[%emt 0:00:02]} g6 {[%emt 0:00:05]} 5. Bg2 {[%emt 0:00:04]} Bg7 {[%emt 0:00:01]} 6. O-O {[%emt 0:00:01]} O-O {[%emt 0:00:01]} 7. d3 {[%emt 0:00:11]} d6 {[%emt 0:00:05]} 8. Rb1 {[%emt 0:00:02]} a5 {[%emt 0:00:04]} 9. a3 {[%emt 0:00:01]} h6 {[%emt 0:00:06]} 10. b4 {[%emt 0:00:04]} axb4 {[%emt 0:00:01]} 11. axb4 {[%emt 0:00:00]} Ne7 {[%emt 0:00:01]} 12. b5 {[%emt 0:00:06]} Be6 {[%emt 0:00:02]} 13. Bb2 {[%emt 0:00:04]} Qd7 {[%emt 0:00:02]} 14. Ra1 {[%emt 0:00:22]} Bh3 {[%emt 0:00:02]} 15. Rxa8 {[%emt 0:00:27]} Rxa8 {[%emt 0:00:02]} 16. Qb3 {[%emt 0:00:04]} Bxg2 {[%emt 0:00:07]} 17. Kxg2 {[%emt 0:00:01]} Qc8 {[%emt 0:00:33]} 18. Nd5 {[%emt 0:00:32]} Nexd5 {[%emt 0:00:19]} 19. cxd5 {[%emt 0:00:01]} b6 {[%emt 0:00:00]} 20. e4 {[%emt 0:00:16]} Nd7 {[%emt 0:00:05] Sackbauer reconnected.} 21. Ba3 {[%emt 0:00:17]} Ra5 {[%emt 0:00:20]} 22. Nd2 {[%emt 0:00:12]} Qe8 {[%emt 0:00:18]} 23. Nc4 {[%emt 0:00:02]} Ra8 {[%emt 0:00:01]} 24. Bb4 {[%emt 0:00:04]} Kh7 {[%emt 0:00:03]} 25. Qb2 {[%emt 0:00:05]} f5 {[%emt 0:00:03]} 26. Ra1 {[%emt 0:00:05]} Rxa1 {[%emt 0:00:04]} 27. Qxa1 {[%emt 0:00:01]} fxe4 {[%emt 0:00:00]} 28. dxe4 {[%emt 0:00:09]} Nf6 {[%emt 0:00:01]} 29. Nd2 {[%emt 0:00:28]} Qxb5 {[%emt 0:00:02]} 30. Qc3 {[%emt 0:00:03]} Qe2 {[%emt 0:00:15]} 31. Qf3 {[%emt 0:00:01]} Qb5 {[%emt 0:00:09]} 32. Qc3 {[%emt 0:00:02]} h5 {[%emt 0:00:19]} 33. h3 {[%emt 0:00:03]} Qe2 {[%emt 0:00:06]} 34. Qf3 {[%emt 0:00:02]} Qxf3+ {[%emt 0:00:02]} 35. Kxf3 {[%emt 0:00:01]} Bh6 {[%emt 0:00:01]} 36. Nc4 {[%emt 0:00:03]} Kg7 {[%emt 0:00:01]} 37. Na3 {[%emt 0:00:04]} Kf7 {[%emt 0:00:01]} 38. Nb5 {[%emt 0:00:01]} Ne8 {[%emt 0:00:01]} 39. Bc3 {[%emt 0:00:02]} Ke7 {[%emt 0:00:01]} 40. Ke2 {[%emt 0:00:02]} Kd7 {[%emt 0:00:01]} 41. Kd3 {[%emt 0:00:01]} c6 {[%emt 0:00:13]} 42. dxc6+ {[%emt 0:00:02]} Kxc6 {[%emt 0:00:01]} 43. Kc4 {[%emt 0:00:01]} Nf6 {[%emt 0:00:05]} 44. f3 {[%emt 0:00:03]} Be3 {[%emt 0:00:04]} 45. Na7+ {[%emt 0:00:02]} Kd7 {[%emt 0:00:05]} 46. Nb5 {[%emt 0:00:01]} Bc5 {[%emt 0:00:05]} 47. Bd2 {[%emt 0:00:02]} Ke6 {[%emt 0:00:10]} 48. Nc7+ {[%emt 0:00:02]} Kd7 {[%emt 0:00:01]} 49. Nb5 {[%emt 0:00:03]} Bf2 {[%emt 0:00:05]} 50. g4 {[%emt 0:00:02]} hxg4 {[%emt 0:00:01]} 51. hxg4 {[%emt 0:00:00]} Nh7 {[%emt 0:00:02]} 52. Nc3 {[%emt 0:00:03]} Nf8 {[%emt 0:00:05]} 53. Nd5 {[%emt 0:00:02]} Ne6 {[%emt 0:00:01]} 54. Nf6+ {[%emt 0:00:02]} Ke7 {[%emt 0:00:02]} 55. Nd5+ {[%emt 0:00:01]} Kd7 {[%emt 0:00:01]} 56. Nf6+ {[%emt 0:00:01]} Kc6 {[%emt 0:00:01]} 57. Nd5 {[%emt 0:00:04]} b5+ {[%emt 0:00:04]} 58. Kd3 {[%emt 0:00:02]} Nd4 {[%emt 0:00:01]} 59. f4 {[%emt 0:00:01]} exf4 {[%emt 0:00:04]} 60. Nxf4 {[%emt 0:00:01]} Nb3 {[%emt 0:00:05]} 61. Nxg6 {[%emt 0:00:02]} Nxd2 {[%emt 0:00:02]} 62. Kxd2 {[%emt 0:00:01]} b4 {[%emt 0:00:00]} 63. e5 {[%emt 0:00:03]} d5 {[%emt 0:00:03]} 64. e6 {[%emt 0:00:01]} Bc5 {[%emt 0:00:03]} 65. Nf4 {[%emt 0:00:05]} Kd6 {[%emt 0:00:02]} 66. e7 {[%emt 0:00:01]} Kxe7 {[%emt 0:00:01]} 67. Nxd5+ {[%emt 0:00:01]} Ke6 {[%emt 0:00:00]} 68. Nxb4 {[%emt 0:00:01]} Bxb4+ {[%emt 0:00:00]} 69. Ke2 {[%emt 0:00:01]} Kf6 {[%emt 0:00:00]} 70. g5+ {[%emt 0:00:00]} Kxg5 {[%emt 0:00:00] (Lag: Av=0.58s, max=1.0s)} 1/2-1/2